00985nam a2200229Ia 4500003000400000005001700004008004100021020001500062040000900077082001900086100002200105245004800127250001100175260003900186300000900225650002200234942004400256952014600300952014600446952014600592999001700738OSt20200201102335.0190216s9999||||xx |||||||||||||| ||und|| a8187270071 coclc a320.954bJOH/I aJohari, J C91674 0aIndian Goverment And Politics /cJ C Johari aVol -1 bVishal Publcations,c1999.aDelhi: a608p aPolitical Science cBK2ddch320.954iJOH/Ik320.954mJOH/I 00102ddc40708POLITICAL SCIENCEaMESbMEScPOLd2019-02-20g90.00l0o320.954 JOH/Ip25322r2019-02-20 00:00:00t1w2019-02-20yBKzGL10R2 00102ddc40708POLITICAL SCIENCEaMESbMEScPOLd2019-02-20g90.00l0o320.954 JOH/Ip25323r2019-02-20 00:00:00t2w2019-02-20yBKzGL10R2 00102ddc40708POLITICAL SCIENCEaMESbMEScPOLd2019-02-20g90.00l0o320.954 JOH/Ip25324r2019-02-20 00:00:00t3w2019-02-20yBKzGL10R2 c34896d34896